Druhá tvář /
Pohádková fantasy o princi Ivanovi, který se pomocí kouzel snaží překonat intriky své macechy a ujmout se trůnu, jenž mu právoplatně patří.
Uloženo v:
| Série: | Druhá tvář,
část 1 |
|---|---|
| Hlavní autor: | |
| Médium: | E-kniha |
| Jazyk: | Czech |
| Vydáno: |
V Praze :
CooBoo,
2025
|
| Vydání: | 1. vydání |
| Témata: | |
| Příbuzné jednotky: | Z cyklu::
Druhá tvář |
| Tagy: |
Žádné tagy |
| LEADER | 02640nam a2200493 i 4500 | ||
|---|---|---|---|
| 001 | 312726 | ||
| 003 | CZ PrSKC | ||
| 005 | 20260601215727.0 | ||
| 007 | ta | ||
| 008 | 250411s2025 xr d 000 f cze | ||
| 015 | |a cnb003681578 | ||
| 020 | |a 9788074988578 |q (brožováno) : |c Kč 349,00 | ||
| 035 | |a (OCoLC)1522999913 | ||
| 040 | |a ABG001 |b cze |e rda | ||
| 072 | 7 | |a 821.162.3-3 |x Česká próza |2 Konspekt | |
| 072 | 7 | |a 821-93 |x Literatura pro děti a mládež (beletrie) |2 Konspekt | |
| 080 | |a 821.162.3-31 |2 MRF | ||
| 080 | |a 821-93-053.67 |2 MRF | ||
| 080 | |a 821-93 |2 MRF | ||
| 080 | |a (0:82-312.9) |2 MRF | ||
| 100 | 1 | |a Hastíková, Aneta, |d 1985- |7 xx0331326 |4 aut | |
| 245 | 1 | 0 | |a Druhá tvář / |c Aneta Hastíková |
| 250 | |a 1. vydání | ||
| 264 | 1 | |a V Praze : |b CooBoo, |c 2025 | |
| 300 | |a 209 stran ; |c 20 cm | ||
| 336 | |a text |b txt |2 rdacontent | ||
| 337 | |a bez média |b n |2 rdamedia | ||
| 338 | |a svazek |b nc |2 rdacarrier | ||
| 520 | 2 | |a Pohádková fantasy o princi Ivanovi, který se pomocí kouzel snaží překonat intriky své macechy a ujmout se trůnu, jenž mu právoplatně patří. |b Ivan je princ, který o vše přišel a tíží ho samota. Každý den ve společnosti kruté macechy a nevlastního bratra je pro něj utrpením. Přesto chce zachovat odkaz svého otce a tiše přechází nenávist, kterou mu jeho okolí dává najevo. Doufá, že jednou usedne na trůn, který mu právoplatně patří, a ve své komnatě si povídá se svým odrazem v zrcadle. Nejlepším přítelem, který ho celý život provází. A netuší, že z druhé strany se na něj po celou dobu skutečně dívá jeho nejbližší člověk. Nakladatelsá anotace. | |
| 655 | 7 | |a české romány |7 fd133974 |2 czenas | |
| 655 | 7 | |a fantasy romány |7 fd184199 |2 czenas | |
| 655 | 7 | |a literatura young adult |7 fd1185572 |2 czenas | |
| 655 | 7 | |a publikace pro mládež |7 fd133157 |2 czenas | |
| 655 | 9 | |a Czech fiction |2 eczenas | |
| 655 | 9 | |a fantasy novels |2 eczenas | |
| 655 | 9 | |a young adult literature |2 eczenas | |
| 655 | 9 | |a juvenile literature |2 eczenas | |
| 787 | 0 | 8 | |i Z cyklu: |t Druhá tvář |g 1 |
| 900 | |a ABA001 |b 21 | ||
| 928 | 9 | |a Albatros Media - CooBoo | |
| 044 | |a xr | ||
| 910 | |a RBIT002 | ||
| 998 | |d 420419 |a https://core.palmknihy.cz/api/books/420419/cover?sw90os |b https://core.palmknihy.cz/api/books/420419/cover/400?sw90os |c https://core.palmknihy.cz/api/books/420419/cover/50?sw90os |e 2034-12-31 |g 216 |i 9788074988578 |j https://core.palmknihy.cz/api/books/420419/preview.epub |k https://core.palmknihy.cz/api/books/420419/preview.pdf |l |q 49 |r 1 |s https://www.palmknihy.cz/kniha/420419 |t ebook |y 2025 |z 0 |v Druhá tvář |w 1 | ||
| 999 | |d 312724 | ||